000 01242nam a2200289 u 4500
001 000495477
003 AM-YeHGA
005 20250617134501.0
008 060711s ||| r 000 0 rus d
020 _a5691011715
040 _aAM-YeHGA
041 0 _arus
100 1 _aЛюбимова, Зарема Владимировна
245 1 0 _aВозрастная физиология :
_bУчеб. для вузов : в 2 ч. /
_cЗ.В. Любимова, К.В. Маринова, А.А. Никитина.
260 _aМосква :
_bВЛАДОС.
300 _a2 ч.
440 0 _aУчебник для вузов : Биология
504 _aБиблиогр. в конце гл.
505 1 0 _gЧ. 1 (2004, 301 с.: ил.)
650 1 4 _aБиологические науки
653 0 _aФизиология, биофизика и биохимия животных и человека
653 0 _aФизиология животных и человека
653 0 _aВозрастная физиология - Учебник для высшей школы
700 1 _aМаринова, Ксения Васильевна
700 1 _aНикитина, Анна Алексеевна
090 _c184258
999 _c182804
_d182804